| 000 | 00321 a2200133 4500 | ||
|---|---|---|---|
| 001 | 87510 | ||
| 082 | _aN-3573 | ||
| 090 |
_c41039 _d41039 |
||
| 100 | _aTaqdees, Prof | ||
| 245 |
_aComputer graphics [cd] _pCAE9 CDs set _bCS602 |
||
| 260 |
_aLahore _b2005 _cVirtual University |
||
| 500 | _aCD/DVD | ||
| 520 | _avideo library | ||
| 942 |
_aCAE NUST _kN-3573 |
||
| 999 |
_c322583 _d322583 |
||